The Promise President Obama Year One (Record no. 4182)

MARC details
000 -LEADER
fixed length control field 00393nam a22001457a 4500
008 - FIXED-LENGTH DATA ELEMENTS--GENERAL INFORMATION
fixed length control field 250708b |||||||| |||| 00| 0 eng d
020 ## - INTERNATIONAL STANDARD BOOK NUMBER
ISBN 9781847376558
100 ## - MAIN ENTRY--AUTHOR
Author Alter Jonathan
245 ## - TITLE STATEMENT
Title The Promise President Obama Year One
260 ## - PUBLICATION, DISTRIBUTION, ETC. (IMPRINT)
Place of publication London
Name of publisher Simon & Schuster
Date of publication 2010
300 ## - COLLATION
Pagination 458p.
650 ## - TRACINGS
Main Subject Obama barack friends and associates
942 ## - ADDED ENTRY ELEMENTS (KOHA)
Item type Books
050 ## - LIBRARY OF CONGRESS CALL NUMBER
Classification number E 907
Item number .A48
Holdings
Source of classification or shelving scheme Not for loan Permanent location Current location Date acquired Accession No. Full call number Barcode. Koha item type
Library of Congress Classification   Samuel Ogbemudia Main Library, University of Abuja Samuel Ogbemudia Main Library, University of Abuja 07/08/2025 2025/65222 E 907 .A48 2025-2928 Books